|
|
|
|
| LEADER |
00000nam a22000007a 4500 |
| 005 |
20160524103732.0 |
| 007 |
cr|||| ||u| |
| 008 |
160524s2016 mx ||||| |||| 00||0 spa d |
| 020 |
|
|
|a 978-607-406-806-1
|
| 035 |
|
|
|a 14258
|
| 040 |
|
|
|a vLex
|
| 090 |
|
|
|c 6131
|d 6131
|
| 100 |
1 |
|
|a Luna Guerra, Antonio
|
| 245 |
1 |
0 |
|a Estudio Prc̀tico del Rǧimen Fiscal de Dividendos Pagados por Personas Morales 2016
|h [Recurso electrn̤ico] /
|c Antonio Luna Guerra
|
| 256 |
|
|
|a Servicio en ln̕ea
|
| 260 |
|
|
|a Mx̌ico
|b Ediciones Fiscales ISEF
|c 2016
|
| 300 |
|
|
|a 1 recurso electrn̤ico
|
| 500 |
|
|
|a En este libro se muestra la aplicacin̤ de la Ley del Impuesto sobre la Renta en materia de dividendos y utilidades, incluye la asociacin̤ en participacin̤.
|
| 506 |
1 |
|
|a Contenido solo disponible en los productos indicados
|d vLex Global
|d vLex Global (Academic Edition, excluding Law Schools)
|d vLex Global (U.S. Academic Edition, Law Schools)
|d vLex Global (U.S. Academic Edition, excluding Law Schools)
|d vLex Global (Academic Edition, Law Schools)
|
| 650 |
0 |
4 |
|a Derecho fiscal
|z Mx̌ico
|
| 740 |
0 |
|
|a vLex libros (servicio en ln̕ea)
|
| 856 |
4 |
0 |
|u http://vlex.com/source/estudio-practico-del-regimen-fiscal-de-dividendos-pagados-por-personas-morales-2016-14258
|z Acceso restringido
|
| 942 |
|
|
|c BOOK
|
| 999 |
0 |
|
|a Taxation
|b Mexic
|